| 000 | 01184cam a2200337 a 4500 | ||
|---|---|---|---|
| 999 |
_c28641 _d28641 |
||
| 001 | 13277793 | ||
| 005 | 20170310151401.0 | ||
| 008 | 030716s2005 mau a 000 0 eng | ||
| 010 | _a 2003110108 | ||
| 020 | _a0618372296 (lib. ed.) | ||
| 020 | _a061837230X (student text) | ||
| 035 | _a(DLC) 2003110108 | ||
| 040 |
_aDLC _cDLC _dDLC |
||
| 043 | _an-us--- | ||
| 050 | 0 | 0 |
_aHD70.U5 _bP68 2005 |
| 100 | 1 |
_aPride, William M., _d1942- |
|
| 245 | 1 | 0 |
_aBusiness / _cWilliam M. Pride, Robert J. Hughes, Jack R. Kapoor. |
| 250 | _a8th ed. | ||
| 260 |
_aBoston : _bHoughton Mifflin Co., _cc2005. |
||
| 300 |
_axxxii, 667, [95] p. : _bill. ; _c28 cm. |
||
| 650 | 0 |
_aIndustrial management _zUnited States. |
|
| 650 | 0 |
_aBusiness enterprises _zUnited States. |
|
| 650 | 0 | _aBusiness. | |
| 650 | 0 | _aManagement. | |
| 700 | 1 |
_aHughes, Robert James, _d1946- |
|
| 700 | 1 |
_aKapoor, Jack R., _d1937- |
|
| 906 |
_a7 _bcbc _corignew _d2 _eepcn _f20 _gy-gencatlg |
||
| 942 |
_2lcc _cBOOKS _hHD 70 .U5P75 2005 |
||